Player's First Names Quiz Stats

 Plays Quiz not verified by Sporcle

Challenge
Share
Tweet
Embed
Score 0/20 Timer 05:00
0 Plays Today
Last Name First Name % Correct
PolamaluTroy
90.1%
McGradyTracy
88.4%
BradfordSam
84.3%
SuzukiIchiro
83.7%
BeckettJosh
83.1%
CabreraMiguel
80.2%
PetersonAdrian
79.1%
HillGrant
78.5%
SizemoreGrady
76.7%
ChandlerTyson
76.2%
Last Name First Name % Correct
RonodoRajon
69.8%
JonesChipper
68.6%
WadeDwyane
61.6%
TomlinsonLaDainian
47.7%
KoivuSaku
44.2%
BergeronPatrice
37.2%
PavelskiJoe
33.1%
SandersDeion
32%
DucheneMatt
27.3%
HalackJaroslav
19.2%

You're not logged in!

Compare scores with friends on all Sporcle quizzes.
OR
Log In

You Might Also Like...

Show Comments

Extras

Created Mar 15, 2011ReportNominate
Tags:Sports Teams Quiz, Big 4, name, player

Top Quizzes Today


Score Distribution

Your Account Isn't Verified!

In order to create a playlist on Sporcle, you need to verify the email address you used during registration. Go to your Sporcle Settings to finish the process.

Report this User

Report this user for behavior that violates our Community Guidelines.

Details: